Loading...

Signals and systems: Analysis using transform methods and MATLAB /

Bibliographic Details
Other Authors: Roberts, Michael J.
Format: Printed Book
Language:English
Published: New Delhi: TMh: Mc Graw Hill, 2003.
Edition:1st
Subjects:
LEADER 00763cam a2200253ua 4500
008 060815t2003||||||||||| 001 ||eng c
020 |a 0-07-058202-5 
041 0 |a eng 
082 |a 621.382 2  |b ROB/S 
245 1 0 |a Signals and systems: Analysis using transform methods and MATLAB /  
250 |a 1st 
260 |a New Delhi: TMh:  |b Mc Graw Hill,  |c 2003. 
300 |a xvii, 1057p.. 
362 1 |a 2003. 
365 |a Rs.375/-  |e PB 
500 |a Includes index. 
504 |a . 
650 |a Signal processing 
650 0 |a System Analysis 
650 0 |a MATLAB 
700 0 2 |a Roberts, Michael J. 
942 |c BK 
999 |c 11722  |d 11722 
952 |0 0  |1 0  |4 0  |6 621_382000000000000_2_ROB  |7 0  |9 12224  |a KUCL  |b KUCL  |d 2014-05-23  |l 0  |o 621.382 2 ROB/  |p 13599  |r 2014-05-23  |w 2014-05-23  |y BK